000 00597nam a22001817a 4500
005 20251108174927.0
008 250721s2009 xx 000 0 ara d
082 1 4 _a189/جبو
100 1 _aالجبوري، نظلة احمد
245 1 0 _aفلسفة وحدة الوجود في الفكر الفلسفي الإسلامي وقفات نقدية -مقارنة /
264 1 _aدمشق :
_bدار نينوى،
_c2009.
300 _a245ص.
650 1 7 _aالفلسفة الاسلامية
650 1 7 _aعلم الوجود
650 1 7 _aالوجودية
942 _2ddc
_cBK
999 _c121737
_d121737